000
00302nam a2200121Ia 4500
008
231129s9999||||xx |||||||||||||| ||spa||
040
_b
spa
082
_a
E863 C392m
100
_a
Cela Camilo Jose
245
0
_a
Mrs. Caldwell habla con su hijo Camilo Jose Cela
264
_a
Salvat
942
_2
ddc
_c
BKS
999
_c
21432
_d
21432